It's ok I'm ok - Tate McRae Lyrics - Statistics

General Stats
  • This quiz has been taken 79 times
  • The average score is 228 of 299
Answer Stats
Answer % Correct
I
96%
it
95%
a
93%
go
93%
you
93%
him
91%
got
89%
I'm
89%
so
89%
it's
87%
like
87%
have
85%
he
85%
anyway
84%
be
84%
can
84%
don't
84%
the
84%
your
84%
he's
82%
me
80%
oh
80%
perfect
80%
take
80%
want
80%
excited
78%
okay
78%
what
78%
did
76%
she
76%
to
76%
you're
76%
no
75%
down
73%
his
73%
in
73%
out
73%
version
73%
before
71%
found
71%
see
71%
first
69%
girl
69%
had
69%
locked
69%
mother
69%
movin
69%
place
69%
say
69%
and
67%
baby
67%
been
67%
now
67%
pretty
67%
that
67%
there
67%
just
65%
with
65%
yeah
65%
really
64%
this
64%
good
62%
position
62%
same
62%
close
60%
money
60%
right
60%
fuck
58%
gotta
58%
such
58%
get
56%
near
56%
nervous
56%
was
56%
yours
56%
I've
55%
nobody
55%
romantic
55%
talker
51%
twisted
51%
make
49%
ain't
45%
can't
45%
miss
44%
faced
42%
could
40%
nothin
40%
one
40%
uh
40%
sided
38%
some
38%
seein
36%
long
35%
Mm
33%
months
29%
flights
27%
No matching quizzes found
Score Distribution
Percent of People with Each Score
Percentile by Number Answered
Your Score History
You have not taken this quiz